Kerer koncertje
Elmentve itt :
| Szerző: | |
|---|---|
| Dokumentumtípus: | Cikk |
| Megjelent: |
1988-10-26
|
| Sorozat: | Délmagyarország
78 No. 256 |
| Kulcsszavak: | zeneélet |
| Online Access: | http://dmarchiv.bibl.u-szeged.hu/97943 |
| LEADER | 00438nab a2200157 i 4500 | ||
|---|---|---|---|
| 001 | delm97943 | ||
| 005 | 20190918094000.0 | ||
| 008 | 190918s1988 hu o 0|| hun d | ||
| 040 | |a SZTE Délmagyarország Archívum |b hun | ||
| 041 | |a hun | ||
| 100 | 1 | |a Nikolényi István | |
| 245 | 1 | 0 | |a Kerer koncertje |h [elektronikus dokumentum] / |c Nikolényi István |
| 260 | |c 1988-10-26 | ||
| 300 | |a 5 | ||
| 490 | 0 | |a Délmagyarország |v 78 No. 256 | |
| 695 | |a zeneélet | ||